The message of Colossians and Philemon : (Record no. 8227)

MARC details
000 -LEADER
fixed length control field 01291cam a2200373 a 4500
001 - CONTROL NUMBER
control field 125184
003 - CONTROL NUMBER IDENTIFIER
control field GBCCL
005 - DATE AND TIME OF LATEST TRANSACTION
control field 20241126110646.0
008 - FIXED-LENGTH DATA ELEMENTS--GENERAL INFORMATION
fixed length control field 850109s1980 ilu 000 0 eng d
015 ## -
-- GBA0-40653
020 ## - INTERNATIONAL STANDARD BOOK NUMBER
International Standard Book Number 0877842841
020 ## - INTERNATIONAL STANDARD BOOK NUMBER
International Standard Book Number 9780877842842
020 ## - INTERNATIONAL STANDARD BOOK NUMBER
International Standard Book Number 0851107362
020 ## - INTERNATIONAL STANDARD BOOK NUMBER
International Standard Book Number 9780851107363
020 ## - INTERNATIONAL STANDARD BOOK NUMBER
International Standard Book Number 0877849250 (set of Bible Speaks today pbk)
020 ## - INTERNATIONAL STANDARD BOOK NUMBER
International Standard Book Number 9780877849254 (set of Bible Speaks today pbk)
029 1# -
-- UKM
-- bA040653
035 ## - SYSTEM CONTROL NUMBER
System control number (OCoLC)ocm11564130
035 ## - SYSTEM CONTROL NUMBER
System control number (OCoLC)11564130
040 ## - CATALOGING SOURCE
Original cataloging agency IOO
Transcribing agency IOO
Modifying agency OCL
-- UKM
-- OCLCQ
-- BAKER
-- OCLCQ
-- LBB
049 ## -
-- LBBK
-- LBBT
082 00 - DEWEY DECIMAL CLASSIFICATION NUMBER
Classification number 220.77
-- 227.706
Edition information 21
Item number BST
090 ## - LOCALLY ASSIGNED LC-TYPE CALL NUMBER (OCLC); LOCAL CALL NUMBER (RLIN)
Classification number (OCLC) (R) ; Classification number, CALL (RLIN) (NR) BS2715.3
Local cutter number (OCLC) ; Book number/undivided call number, CALL (RLIN) .L83 1980
100 1# - MAIN ENTRY--PERSONAL NAME
Personal name Lucas, R. C.
Fuller form of name (Richard Charles),
Dates associated with a name 1925-
9 (RLIN) 4641
245 14 - TITLE STATEMENT
Title The message of Colossians and Philemon :
Remainder of title fullness and freedom /
Statement of responsibility, etc. R.C. Lucas.
260 ## - PUBLICATION, DISTRIBUTION, ETC.
Place of publication, distribution, etc. Leicester, England ;
-- Downers Grove, Ill. :
Name of publisher, distributor, etc. InterVarsity Press,
Date of publication, distribution, etc. 1980.
300 ## - PHYSICAL DESCRIPTION
Extent 191 p. ;
Dimensions 21 cm.
440 #4 - SERIES STATEMENT/ADDED ENTRY--TITLE
Title The Bible speaks today
9 (RLIN) 2924
500 ## - GENERAL NOTE
General note Originally published under the title Fullness and freedom.
630 00 - SUBJECT ADDED ENTRY--UNIFORM TITLE
Uniform title Bible.
Name of part/section of a work N.T.
-- Colossians
Form subdivision Commentaries.
9 (RLIN) 14325
630 00 - SUBJECT ADDED ENTRY--UNIFORM TITLE
Uniform title Bible.
Name of part/section of a work N.T.
-- Philemon
Form subdivision Commentaries.
9 (RLIN) 14326
630 00 - SUBJECT ADDED ENTRY--UNIFORM TITLE
Uniform title Bible.
Name of part/section of a work N.T.
-- Colossians.
9 (RLIN) 14327
942 ## - ADDED ENTRY ELEMENTS (KOHA)
Source of classification or shelving scheme Dewey Decimal Classification
Koha item type Reference Books
Holdings
Withdrawn status Lost status Source of classification or shelving scheme Damaged status Not for loan Home library Current Library Shelving location Date acquired Total checkouts Full call number Barcode Date last seen Copy number Price effective from Koha item type
    Dewey Decimal Classification     GRACE BIBLE COLLEGE GRACE BIBLE COLLEGE Commentary 2019-07-29   220.77 BST 004454 2025-05-01 c.1 2019-07-29 Reference Books
© Grace Bible College Library 2025